| 000 | 00544nam a2200193Ia 4500 | ||
|---|---|---|---|
| 001 | 15978 | ||
| 008 | 140403s9999 xx 000 0 und d | ||
| 020 | _a0-13-080091-0 | ||
| 040 | _cPK-LaUMT | ||
| 082 |
_a 370.15 _bEGG-E |
||
| 100 | _aDon Kauchak | ||
| 245 |
_aEducational psychology: _bwindows on classrooms. _cDon Kauchak<>Paul Eggen |
||
| 250 | _a4th | ||
| 260 |
_aUper Saddle River,USA: _bMerill, _c1999 |
||
| 300 | _a641 p. | ||
| 650 | _aEducationa psychology-Study and teaching(United States) | ||
| 700 | _aPaul Eggen | ||
| 942 | _cBK | ||
| 999 |
_c16451 _d16451 |
||